Statistics for World Cities by Google Maps Street View

Click here to take the quiz!

General Stats

  • This quiz has been taken 63 times
  • The average score is 10 of 16

Answer Stats

Answer% Correct
London
88%
Toronto
88%
Jerusalem
87%
New York City
87%
Sydney
85%
Hong Kong
71%
Las Vegas
69%
Moscow
62%
Jakarta
54%
Tokyo
52%
Mexico City
48%
Bangkok
42%
Madrid
42%
Rio de Janeiro
35%
Johannesburg
31%
Buenos Aires
29%

Score Distribution

Percentile by Number Answered

Percent of People with Each Score

Your Score History

You have not taken this quiz